00953nam a2200193Ia 4500003000400000005001700004008004100021040002100062041000800083082002400091110006800115245013300183260003500316300005300351505026000404650004000664650002600704650002900730OSt20200702121518.0191128s2001 ck ad gr 000 0 spa d aCO-JMCRcCO-JMCR0 aspa04a330.9 / bC972e2231 aColombia. Departamento de Cundinamarca Secretaría de Hacienda10aEstado de las finanzas del departamento 1998-2000 : Logros y resultados /cDepartamento de Cundinamarca Secretaría de Hacienda aBogotá : bEdicundi, c2001. a243 páginas : bcuadros, gráficos ; c28 cm.0 aResumen ejecutado gestión y resultados -- Comportamiento de la deuda 1994-2000 -- Fondo de pensiones públicas -- Análisis portafolios de inversiones -- Informe de gestión entidfades intervenidas -- Características de los tributos departamentales14aEstado de finanzas departamentales 24aGestión y resultado24aTributos departamentales